Az iparjogvédelemmel kapcsolatos szerződések

Elmentve itt :
Bibliográfiai részletek
Szerző: Nagy Krisztina Zita
További közreműködők: Bérczi Imre (Témavezető)
Dokumentumtípus: Szakdolgozat
Megjelent: 2004
Tárgyszavak:
Online Access:http://diploma.bibl.u-szeged.hu/28665
LEADER 00574nta a2200157 i 4500
001 dipl28665
005 20130314085809.0
008 110715s2004 hu om 0|| zxx d
040 |a SZTE Diploma Repozitórium  |b hun 
041 |a zxx 
100 1 |a Nagy Krisztina Zita 
245 1 3 |a Az iparjogvédelemmel kapcsolatos szerződések  |h [elektronikus dokumentum] /  |c Krisztina Zita Nagy 
260 |c 2004 
650 4 |a Jogi és igazgatási tanulmányok 
700 1 |a Bérczi Imre  |e ths 
856 4 0 |u http://diploma.bibl.u-szeged.hu/id/eprint/28665/1/2004_nagy_krisztina_zita_418.pdf  |z Dokumentum-elérés